K problematike nájomného bývania
Problematika bývania a spôsobu uspokojovania potreby bývať v Európskej únii a v Slovenskej republike. Bytová politika ako súbor spoločných cieľov stratégie EÚ proti chudobe a sociálnemu vylúčeniu.
Gespeichert in:
| 1. Verfasser: | |
|---|---|
| Format: | Buchkapitel |
| Sprache: | Slowakisch |
| Schlagworte: | |
| Tags: |
Keine Tags, Fügen Sie das erste Tag hinzu!
|
MARC
| LEADER | 00000nla a2200000 4500 | ||
|---|---|---|---|
| 001 | 0199447 | ||
| 005 | 20240502073358.3 | ||
| 041 | 0 | |a slo | |
| 044 | |a SK | ||
| 245 | 1 | 0 | |a K problematike nájomného bývania |c Jarmila Vidová |
| 520 | |a Problematika bývania a spôsobu uspokojovania potreby bývať v Európskej únii a v Slovenskej republike. Bytová politika ako súbor spoločných cieľov stratégie EÚ proti chudobe a sociálnemu vylúčeniu. | ||
| 610 | 2 | 0 | |a politika bytová |
| 610 | 2 | 0 | |a bývanie |
| 610 | 2 | 0 | |a trh bytový |
| 610 | 2 | 0 | |a dotácie štátne |
| 610 | 2 | 0 | |a byty sociálne |
| 610 | 2 | 0 | |a začlenenie sociálne |
| 610 | 2 | 0 | |a Európska únia |
| 610 | 2 | 0 | |a Slovensko |
| 100 | 1 | |a Vidová, Jarmila, 1967- | |